Tour de France 2024 - Alle Etappensieger - Statistiken

Allgemein
  • Dieses Quiz wurde 146 mal gespielt
  • Das Durchschnittsergebnis liegt bei 16 aus 21
Antwortstatistiken
Etappe Sieger Team % Korrekt
4 Tadej Pogačar UAE Team Emirates
98%
14 Tadej Pogačar UAE Team Emirates
98%
15 Tadej Pogačar UAE Team Emirates
98%
19 Tadej Pogačar UAE Team Emirates
98%
20 Tadej Pogačar UAE Team Emirates
98%
21 (EZF) Tadej Pogačar UAE Team Emirates
98%
11 Jonas Vingegaard Team Visma / Lease a bike
93%
3 Biniam Girmay Intermarché-Wanty
85%
8 Biniam Girmay Intermarché-Wanty
85%
12 Biniam Girmay Intermarché-Wanty
85%
7 (EZF) Remco Evenepoel Soudal - Quick Step
84%
10 Jasper Philipsen Alpecin-Deceuninck
83%
13 Jasper Philipsen Alpecin-Deceuninck
83%
16 Jasper Philipsen Alpecin-Deceuninck
83%
5 Mark Cavendish Astana Qazaqstan Team
74%
1 Romain Bardet Team dsm-firmenich PostNL
73%
17 Richard Carapaz EF Education-EasyPost
64%
18 Victor Campenaerts Lotto-Dstny
42%
9 Anthony Turgis TotalEnergies
36%
6 Dylan Groenewegen Team Jayco AlUla
36%
2 Kevin Vauquelin Arkéa-B&B Hotels
34%
Keine übereinstimmenden Quizze gefunden
Verteilung der Resultate
Anzahl Personen mit jedem Resultat
Perzentil nach korrekt beantworteten Fragen
Ihre Resultats-Entwicklung
Sie haben dieses Quiz noch nicht gespielt